=LDR 00000nam 2200000 4500 =001 000439 =005 20250710041614 =035 ##$$a 0010-0725000301 =007 ta =008 250710################a##########0#ind## =020 ##$$a 978-623-472-369-4 =082 ##$$a 398.209 598 =084 ##$$a 398.209 598 SIP f =100 #$$a Maegan Dobson Sippy =245 1#$$a Farida Berencana Membuat Pesta /$c Maegan Dobson Sippy =250 ##$$a Cetakan Pertama =260 ##$$a Rawamangun :$b Badan Pengembangan dan Pembinaan Bahasa,$c 2022 =300 ##$$a 32 hlm. : $b ilus. ; $c 22,9 cm =650 #4$$a CERITA ANAK INDONESIA-TERJEMAHAN-INGGRIS =650 #4$$a LITERASI-BAHAN BACAAN =856 ##$$a TBM AS SUHADA =990 ##$$a TBM01640164